Joueurs aléatoires de la Premier League par image - Statistiques

Statistiques générales
  • Ce quiz a été pris 128 fois
  • Le résultat moyen est 9 sur 12
Statistiques - réponses
Par images Réponse % Correct
Aaron Ramsdale
100%
Aaron Wan-Bissaka
100%
Adama Traoré
100%
Alejandro Garnacho
100%
Alexander Isak
100%
Alexis Mac Allister
100%
Alisson Becker
100%
Alphonse Areola
100%
Amad Diallo
100%
Amadou Onana
100%
Andrew Robertson
100%
Anthony Elanga
100%
Anthony Gordon
100%
Bart Verbruggen
100%
Bernardo Silva
100%
Bruno Fernandes
100%
Bryan Mbeumo
100%
Bukayo Saka
100%
Casemiro
100%
Cody Gakpo
100%
Cole Palmer
100%
Daichi Kamada
100%
David Raya
100%
Declan Rice
100%
Diogo Dalot
100%
Dominic Calvert-Lewin
100%
Dominik Szoboszlai
100%
Donyell Malen
100%
Eberechi Eze
100%
Emile Smith Rowe
100%
Emiliano Martínez
100%
Enzo Fernández
100%
Erling Haaland
100%
Ethan Ampadu
100%
Evanilson
100%
Ezri Konsa
100%
Federico Chiesa
100%
Florian Wirtz
100%
Gabriel Jesus
100%
Gabriel Magalhães
100%
Gabriel Martinelli
100%
Gianluigi Donnarumma
100%
Giorgi Mamardashvili
100%
Granit Xhaka
100%
Hannibal Mejbri
100%
Harvey Elliot
100%
Hugo Ekitiké
100%
Ibrahima Konaté
100%
Illan Meslier
100%
Jack Grealish
100%
Jadon Sancho
100%
James Maddison
100%
James Milner
100%
Jean-Clair Todibo
100%
Jeremie Frimpong
100%
Jérémy Doku
100%
Joe Gomez
100%
John Stones
100%
Jordan Henderson
100%
Jordan Pickford
100%
Joshua Zirkzee
100%
Joško Gvardiol
100%
Jurren Timber
100%
Justin Kluivert
100%
Kai Havertz
100%
Kaoru Mitoma
100%
Kieran Trippier
100%
Kiernan Dewsbury-Hall
100%
Kobbie Mainoo
100%
Kyle Walker
100%
Leandro Trossard
100%
Leny Yoro
100%
Levi Colwill
100%
Liam Delap
100%
Lisandro Martínez
100%
Lucas Digne
100%
Lucas Paquetá
100%
Luke Shaw
100%
Malo Gusto
100%
Marc Cucurella
100%
Marc Guéhi
100%
Martin Ødegaard
100%
Mateo Kovačić
100%
Matheus Cunha
100%
Mathys Tel
100%
Matthijs de Ligt
100%
Matty Cash
100%
Maxence Lacroix
100%
Michael Keane
100%
Micky van de Ven
100%
Mikel Merino
100%
Mikkel Damsgaard
100%
Moisés Caicedo
100%
Morgan Gibbs-White
100%
Morgan Rogers
100%
Nathan Aké
100%
Neco Williams
100%
Nick Pope
100%
Noah Okafor
100%
Noni Madueke
100%
Nordi Mukiele
100%
Noussair Mazraoui
100%
Oleksandr Zinchenko
100%
Ollie Watkins
100%
Patrick Dorgu
100%
Pedro Neto
100%
Pedro Porro
100%
Phil Foden
100%
Randal Kolo Muani
100%
Raúl Jiménez
100%
Rayan CHerki
100%
Reece James
100%
Riccardo Calafiori
100%
Richarlison
100%
Robert Sánchez
100%
Rúben Dias
100%
Ryan Gravenberch
100%
Tino Livramento
100%
Tomáš Souček
100%
Tyrell Malacia
100%
Virgil Van Dijk
100%
William Saliba
100%
Xavi Simons
100%
Yankuba Minteh
100%
Youri Tielemans
100%
Simon Adingra
83%
Chris Wood
80%
Estêvão
80%
Harvey Barnes
80%
João Pedro
80%
Manuel Ugarte
80%
Nick Woltemade
80%
Wesley Fofana
80%
Ben Davies
75%
Dejan Kulusevski
75%
Destiny Udogie
75%
Guglielmo Vicario
75%
Hee-chan Hwang
75%
John McGinn
75%
Viktor Gyökeres
75%
João Palhinha
71%
Dean Henderson
67%
Fabian Schär
67%
Georginio Rutter
67%
Habib Diarra
67%
Igor Jesus
67%
José Sá
67%
Maxime Estève
67%
Michael Kayode
67%
Milos Kerkez
67%
Rodri
67%
Rodrigo Bentancur
67%
Savinho
67%
Bernd Leno
60%
Daniel Muñoz
60%
Ismaïla Sarr
60%
Joelinton
60%
Adam Webster
50%
Antoine Semenyo
50%
Benjamin Sesko
50%
Brenden Aaronson
50%
Brian Brobbey
50%
Daniel James
50%
Danny Welbeck
50%
Emiliano Buendía
50%
Hugo Bueno
50%
Ian Maatsen
50%
Jaidon Anthony
50%
Jarrod Bowen
50%
Omar Alderete
50%
Senne Lammens
50%
Timothy Castagne
50%
Tyler Adams
50%
Tyrick Mitchell
50%
Willy Boly
50%
Lewis Dunk
40%
Lukasz Fabianski
40%
Thierno Barry
40%
Axel Tuanzebe
33%
Callum Hudson-Odoi
33%
Jarrad Branthwaite
33%
Kristoffer Ajer
33%
Mohammed Kudus
33%
Murillo
33%
Yasin Ayari
33%
Adam Wharton
25%
Caoimhín Kelleher
25%
Dan Ballard
25%
Joachim Andersen
25%
Rodrigo Gomes
25%
Harry Wilson
20%
Reiss Nelson
20%
Adam Smith
0%
Alex Scott
0%
Armando Broja
0%
Bruno Guimarães
0%
Callum Wilson
0%
Cheick Doucouré
0%
Cristian Romero
0%
Douglas Luiz
0%
Dwight McNeil
0%
Ferdi Kadıoğlu
0%
Harry Maguire
0%
Igor Thiago
0%
Jacob Ramsey
0%
James Tarkowski
0%
Jean-Philippe Mateta
0%
João Gomes
0%
Joe Willock
0%
John Victor
0%
Jørgen Strand Larsen
0%
Kevin Schade
0%
Lucas Bergvall
0%
Lyle Foster
0%
Marcos Senesi
0%
Marcus Tavernier
0%
Martin Dúbravka
0%
Mason Mount
0%
Matt Doherty
0%
Mohamed Salah
0%
Morato
0%
Nathan Collins
0%
Raheem Sterling
0%
Robin Roefs
0%
Ryan Yates
0%
Sandro Tonali
0%
Séamus Coleman
0%
Sean Longstaff
0%
Sven Botman
0%
Tom Cairney
0%
Toti
0%
Wilfried Gnonto
0%
Aucun quiz correspondant
Distribution des résultats
% des personnes avec chaque résultat
Percentile par nombre de réponses
Votre historique - résultats
Vous n’avez pas pris ce quiz